000 00300nam a22001337a 4500
003 OSt
005 20220131151545.0
008 220131b |||||||| |||| 00| 0 eng d
040 _cH U
082 _a621.38159
100 _aGodse A. P.
_924273
245 _aDigital Electronics
942 _2ddc
_cBOOKS
_n0
999 _c28586
_d28586